|
|
|
|
| LEADER |
00000nam0a2200000 4500 |
| 001 |
134138 |
| 005 |
20250902111143.0 |
| 010 |
|
|
|a 527800276X
|
| 035 |
|
|
|a (RuTPU)RU\TPU\book\145388
|
| 090 |
|
|
|a 134138
|
| 100 |
|
|
|a 20080326d1990 m y0rusy50 ca
|
| 101 |
0 |
|
|a rus
|
| 102 |
|
|
|a RU
|
| 105 |
|
|
|a a z 001zb
|
| 200 |
1 |
|
|a Дебют Рети
|f В. В. Оснос
|
| 210 |
|
|
|a Москва
|c Физкультура и спорт
|d 1990
|
| 215 |
|
|
|a 320 с.
|c ил.
|
| 225 |
1 |
|
|a Теория дебютов
|
| 320 |
|
|
|a Библиогр.: с.319
|
| 333 |
|
|
|a Исключено из фонда НТБ ТПУ
|
| 600 |
|
1 |
|a Рети
|b Р.
|c чехословацкий шахматист
|c гроссмейстер, шахматный теоретик
|f 1889-1929
|g Рихард
|c журналист
|2 stltpush
|3 (RuTPU)RU\TPU\pers\23108
|
| 610 |
1 |
|
|a шахматы
|
| 610 |
1 |
|
|a шахматисты
|
| 610 |
1 |
|
|a шахматные дебюты
|
| 610 |
1 |
|
|a шахматные партии
|
| 675 |
|
|
|a 794.1
|v 3
|
| 700 |
|
1 |
|a Оснос
|b В. В.
|g Вячесла Вульфович
|
| 801 |
|
1 |
|a RU
|b 63413507
|c 20080326
|g PSBO
|
| 801 |
|
2 |
|a RU
|b 63413507
|c 20081223
|g PSBO
|
| 942 |
|
|
|c BK
|